लोड हो रहा है...

Vajrasuci ed by Sujitkumar Mukhopadhyaya /

ग्रंथसूची विवरण
मुख्य लेखक: Asvaghosa
भाषा:Undetermined
LEADER 00363nam a2200109Ia 4500
001 79839
008 170722s9999 xx 000 0 und d
100 |a Asvaghosa 
245 |a Vajrasuci ed by Sujitkumar Mukhopadhyaya / 
942 |c GEN 
999 |c 17193  |d 17193 
952 |0 0  |1 0  |4 0  |6 R_6945X73_15J0_CR  |7 0  |9 20428  |a LIB  |b LIB  |d 2017-08-12  |o R6945x7,3 15J0 (CR)  |p 35527  |r 2017-08-12  |w 2017-08-12  |y GEN